| 000 | 00659nam a2200205Ii 4500 | ||
|---|---|---|---|
| 001 | 4489 | ||
| 003 | CO-ViMGA | ||
| 008 | 241108s9999||||xx |||||||||||||| ||und|| | ||
| 040 |
_aCO-ViMGA _bspa _erda _cCO-ViMGA |
||
| 041 | 0 | _aspa | |
| 082 | 0 | 4 | _a595.7 I59m |
| 110 | 1 |
_aInstituto Colombiano Agropecuario ICA, _96677 |
|
| 245 | 1 | 0 | _aManejo de Insectos, Plagas y beneficios de la Palma Africana |
| 264 | 1 | _aBogotá, Colombia : Instituto Colombiano Agropecuario ICA, 1992 | |
| 300 | _avolumen | ||
| 336 |
_atext _btxt _2rdacontent |
||
| 337 |
_aunmediated _bn _2rdamedia |
||
| 338 |
_avolume _bnc _2rdacarrier |
||
| 940 | _aidficha_siabuc: 4379. -- ficha_no_siabuc:4489 | ||
| 999 |
_c48040 _d48040 |
||